Zum Stellenwert und Tendenzen der deutschen Sprache in der Slowakei

Význam výučby nemčiny na Slovensku v súčasnosti a dôležitosť spolupráce s nemeckými inštitúciami v tejto oblasti.

Na minha lista:
Detalhes bibliográficos
Autor principal: Adamcová, Lívia
Formato: Capítulo de Livro
Idioma:alemão
Assuntos:
Tags: Adicionar Tag
Sem tags, seja o primeiro a adicionar uma tag!

MARC

LEADER 00000nla a2200000 4500
001 0215565
005 20240502073609.5
041 0 |a ger 
044 |a SK 
245 1 0 |a Zum Stellenwert und Tendenzen der deutschen Sprache in der Slowakei  |c Lívia Adamcová 
520 |a Význam výučby nemčiny na Slovensku v súčasnosti a dôležitosť spolupráce s nemeckými inštitúciami v tejto oblasti. 
610 2 0 |a jazyky cudzie 
610 2 0 |a nemčina 
610 2 0 |a vzdelávanie 
610 2 0 |a Slovensko 
100 1 |a Adamcová, Lívia